Lego Star Wars Quiz Stats

 Plays Quiz Updated Mar 19, 2020

Support Sporcle.
Go Orange.
Score 0/25 Timer 05:00
2 Plays Today
Position Character % Correct
Column 1, Row 1Luke Skywalker
98.7%
Column 1, Row 4Darth Vader
95.9%
Column 2, Row 1Han Solo
94.1%
Column 4, Row 2R2-D2
91.8%
Column 3, Row 1Chewbacca
91.1%
Column 5, Row 2Yoda
91%
Column 3, Row 2C-3PO
90.9%
Column 1, Row 5Darth Maul
90.7%
Column 4, Row 1Princess Leia
89.6%
Column 1, Row 3Obi-Wan Kenobi
88.4%
Column 4, Row 4Jabba the Hutt
88%
Column 2, Row 4The Emperor
85.2%
Column 5, Row 4Boba Fett
83.2%
Position Character % Correct
Column 2, Row 2 Wicket
82.5%
Column 5, Row 3Anakin Skywalker
78.6%
Column 4, Row 5Jango Fett
78.5%
Column 3, Row 3Mace Windu
77.9%
Column 5, Row 1Lando Calrissian
76.9%
Column 2, Row 3Qui-Gon Jinn
76.9%
Column 1, Row 2Admiral Ackbar
71.9%
Column 3, Row 5Count Dooku
69.7%
Column 4, Row 3Padmé Amidala
69.5%
Column 3, Row 4Grand Moff Tarkin
48.7%
Column 2, Row 5Nute Gunray
38.5%
Column 5, Row 5Asajj Ventress
35.3%

You're not logged in!

Compare scores with friends on all Sporcle quizzes.
OR
Log In

From the Vault

4-Letter Geography

by oldkent

Having only 4 letters doesn't necessarily make these countries and capitals easier to spell.
Remove Ads.
Support Sporcle.
Get the best of Sporcle when you Go Orange. This ad-free experience offers more features, more stats, and more fun while also helping to support Sporcle. Thank you for becoming a member.

Show Comments

Extras

Top Quizzes Today


Score Distribution

Your Account Isn't Verified!

In order to create a playlist on Sporcle, you need to verify the email address you used during registration. Go to your Sporcle Settings to finish the process.

Report this User

Report this user for behavior that violates our Community Guidelines.

Details: